Mahabharata / (Record no. 125520)

MARC details
000 -LEADER
fixed length control field 00660nam a22002177a 4500
005 - DATE AND TIME OF LATEST TRANSACTION
control field 20170124105956.0
010 ## - LIBRARY OF CONGRESS CONTROL NUMBER
LC control number 890571
020 ## - INTERNATIONAL STANDARD BOOK NUMBER
Terms of availability 00.00
035 ## - SYSTEM CONTROL NUMBER
System control number 890571
037 ## - SOURCE OF ACQUISITION
Source of stock number/acquisition Cen Lib/Ret
040 ## - CATALOGING SOURCE
Original cataloging agency DPL
Language of cataloging EN
082 ## - DEWEY DECIMAL CLASSIFICATION NUMBER
Classification number 230.1
Item number SUB
100 ## - MAIN ENTRY--PERSONAL NAME
Personal name Subramaniam, Kamala
9 (RLIN) 6671
245 ## - TITLE STATEMENT
Title Mahabharata /
Statement of responsibility, etc by Kamala Subramaniam
260 ## - PUBLICATION, DISTRIBUTION, ETC. (IMPRINT)
Place of publication, distribution, etc Bombay
Name of publisher, distributor, etc Bharatiya Vidya Bhavan
Date of publication, distribution, etc 1977
270 ## - ADDRESS
Address Kulpati K.M. Munshi Marg
City Bombay
Postal code 400 007
300 ## - PHYSICAL DESCRIPTION
Extent xv,766p. :
Dimensions 22cm(Hb)
650 ## - SUBJECT ADDED ENTRY--TOPICAL TERM
Topical term or geographic name as entry element Mahābhārata -- Criticism, interpretation, etc.
9 (RLIN) 14637
650 ## - SUBJECT ADDED ENTRY--TOPICAL TERM
Topical term or geographic name as entry element Mahābhārata -- Paraphrases.
9 (RLIN) 14638
942 ## - ADDED ENTRY ELEMENTS (KOHA)
Source of classification or shelving scheme Dewey Decimal Classification
Koha item type English Books
Classification part 230.1
Call number suffix SUB
Holdings
Withdrawn status Lost status Damaged status Not for loan Home library Current library Date acquired Source of acquisition Cost, normal purchase price Total Checkouts Full call number Barcode Date last seen Date checked out Copy number Cost, replacement price Price effective from Koha item type
        Central Library Central Library 22/06/2015 Cen Lib/Ret 0.00 1 230.1 SUB 890571 22/01/2021 12/03/2020 1 0.00 22/06/2015 English Books

© Delhi Public Library
Hit Counter
free hit counter